MLB All Time Milestones - Statistics

General Stats
  • This quiz has been taken 25 times
  • The average score is 93 of 174
Answer Stats
Player # Retired Team % Correct
Babe Ruth 714 1935 NYY
95%
Barry Bonds 762 2007 SFG
95%
Barry Bonds 514 2007 SFG
95%
Henry Aaron 3771 1976 ATL
95%
Henry Aaron 755 1976 ATL
95%
Albert Pujols 3384 2022 STL
90%
Albert Pujols 703 2022 STL
90%
Alex Rodriguez 3115 2016 NYY
90%
Alex Rodriguez 696 2016 NYY
90%
Cy Young 511 1911 CLV
90%
Mariano Rivera 652 2013 NYY
90%
Randy Johnson 303 2009 SEA
90%
Randy Johnson 4875 2009 SEA
90%
Rickey Henderson 3055 2003 OAK
90%
Rickey Henderson 1406 2003 OAK
90%
Walter Johnson 417 1927 WSH
90%
Walter Johnson 3509 1922 WSH
90%
David Ortiz 541 2016 BOS
86%
Derek Jeter 3465 2014 NYY
86%
Francisco Rodríguez 437 2017 LAA
86%
Greg Maddux 355 2008 ATL
86%
Greg Maddux 3371 2008 ATL
86%
Ken Griffey Jr. 630 2010 SEA
86%
Mark McGwire 583 2001 OAK
86%
Nolan Ryan 324 1993 HOU
86%
Nolan Ryan 5714 1993 HOU
86%
Pedro Martinez 3154 2009 BOS
86%
Pete Rose 4256 1986 CIN
86%
Ty Cobb 4189 1928 DET
86%
Ty Cobb 897 1928 DET
86%
Cal Ripken Jr. 3184 2001 BAL
81%
Ichiro Suzuki 3089 2019 SEA
81%
Ichiro Suzuki 509 2019 SEA
81%
Mickey Mantle 536 1968 NYY
81%
Miguel Cabrera 3174 2023 DET
81%
Miguel Cabrera 511 2023 DET
81%
Roberto Clemente 3000 1972 PIT
81%
Roger Clemens 354 2007 BOS
81%
Roger Clemens 4672 2007 BOS
81%
Sammy Sosa 609 2007 CHC
81%
Willie Mays 3293 1973 NYG
81%
Willie Mays 660 1973 NYG
81%
Billy Wagner 422 2010 HOU
76%
Honus Wagner 3420 1917 PIT
76%
Honus Wagner 723 1917 PIT
76%
Jim Thome 612 2012 CLE
76%
Mike Schmidt 548 1989 PHI
76%
Stan Musial 3630 1963 STL
76%
Ted Williams 521 1960 BOS
76%
Eddie Mathews 512 1968 ATL
71%
George Brett 3154 1993 KCR
71%
John Smoltz 3084 2009 ATL
71%
Lee Smith 478 1997 CHC
71%
Manny Ramirez 555 2011 BOS
71%
Ozzie Smith 580 1996 STL
71%
Paul Molitor 3319 1998 MIL
71%
Paul Molitor 504 1998 MIL
71%
Robin Yount 3142 1993 MIL
71%
Tony Gwynn 3141 2001 SDP
71%
Craig Biggio 3060 2007 HOU
67%
Frank Thomas 521 2008 CHW
67%
Harmon Killebrew 573 1975 MIN
67%
Justin Verlander 3416 Active SFG
67%
Lou Brock 3023 1979 STL
67%
Lou Brock 938 1979 STL
67%
Max Scherzer 3407 Active TOR
67%
Reggie Jackson 563 1987 OAK
67%
Tom Seaver 311 1986 NYM
67%
Tom Seaver 3640 1986 NYM
67%
Trevor Hoffman 601 2010 SDP
67%
Wade Boggs 3010 1999 BOS
67%
Bob Gibson 3117 1975 STL
62%
Carl Yastrzemski 3419 1983 BOS
62%
Christy Mathewson 373 1916 NYG
62%
Frank Robinson 586 1976 CIN
62%
Phil Niekro 318 1987 ATL
62%
Phil Niekro 3342 1987 ATL
62%
Tom Glavine 305 2008 ATL
62%
Adrian Beltré 3166 2018 TEX
57%
CC Sabathia 3093 2019 NYY
57%
Dennis Eckersley 390 1998 OAK
57%
Eddie Murray 3255 1997 BAL
57%
Eddie Murray 504 1997 BAL
57%
Ernie Banks 512 1971 CHC
57%
Rafael Palmeiro 3020 2005 TEX
57%
Rafael Palmeiro 569 2005 TEX
57%
Tim Raines 808 2002 MON
57%
Warren Spahn 363 1965 BSN
57%
Aroldis Chapman 335 Active BOS
52%
Cap Anson 3435 1897 CHC
52%
Craig Kimbrel 440 Active BAL
52%
Dave Winfield 3110 1995 NYY
52%
Gaylord Perry 314 1983 SFG
52%
Gaylord Perry 3534 1983 SFG
52%
Jimmie Foxx 534 1945 PHA
52%
Rich Gossage 310 1994 NYY
52%
Rollie Fingers 341 1985 OAK
52%
Steve Carlton 329 1988 PHI
52%
Steve Carlton 4136 1988 PHI
52%
Vince Coleman 752 1997 STL
52%
Willie McCovey 521 1980 SFG
52%
Al Kaline 3007 1974 DET
48%
Bert Blyleven 3701 1992 MIN
48%
Nap Lajoie 3243 1916 CLE
48%
Tris Speaker 3514 1928 CLE
48%
Willie Wilson 668 1994 KCR
48%
Don Sutton 324 1988 LAD
43%
Don Sutton 3574 1988 LAD
43%
Doug Jones 303 2000 CLE
43%
Fergie Jenkins 3192 1983 CHC
43%
Grover Alexander 373 1930 CHC
43%
Kenley Jansen 447 Active LAA
43%
Lefty Grove 300 1941 PHA
43%
Mel Ott 511 1947 NYG
43%
Rod Carew 3053 1985 MIN
43%
Todd Jones 319 2008 DET
43%
Billy Hamilton 914 1901 PHI
38%
Eddie Collins 3315 1930 PHA
38%
Eddie Collins 741 1930 PHA
38%
Bruce Sutter 300 1988 CHC
33%
Curt Schilling 3116 2007 PHI
33%
Davey Lopes 557 1987 LAD
33%
Joe Morgan 689 1984 HOU
33%
Joe Nathan 377 2016 MIN
33%
John Franco 424 2005 NYM
33%
José Reyes 517 2018 NYM
33%
Juan Pierre 614 2013 FLA
33%
Kenny Lofton 622 2007 CLE
33%
Maury Wills 586 1972 LAD
33%
Paul Waner 3152 1945 PIT
33%
Roberto Hernández 326 2007 CHW
33%
Tom Brown 658 1898 WHS
33%
Early Wynn 300 1963 CLE
29%
Gary Sheffield 509 2009 FLA
29%
George Davis 619 1909 NYG
29%
Jason Isringhausen 300 2012 STL
29%
Troy Percival 358 2009 ANA
29%
Bert Campaneris 549 1983 OAK
24%
César Cedeño 550 1986 HOU
24%
Fernando Rodney 327 2019 DET
24%
Huston Street 324 2017 OAK
24%
Jeff Reardon 367 1994 MON
24%
Kid Nichols 362 1906 BSN
24%
Luis Aparicio 506 1973 CHW
24%
Randy Myers 347 1999 NYM
24%
Robb Nen 314 2004 SFG
24%
Tom Henke 311 1995 TOR
24%
Eddie Plank 326 1917 PHA
19%
Fred Clarke 509 1915 PIT
19%
Jonathan Papelbon 368 2016 BOS
19%
José Mesa 321 2007 CLE
19%
Old Hoss Radbourn 310 1891 PRO
19%
Otis Nixon 620 1999 ATL
19%
Rick Aguilera 318 2000 MIN
19%
Bid McPhee 568 1899 CIN
14%
Brett Butler 558 1997 LAD
14%
Francisco Cordero 329 2012 TEX
14%
Jeff Montgomery 304 1999 KCR
14%
John Wetteland 330 2000 TEX
14%
Hugh Duffy 574 1906 BSN
10%
John Clarkson 328 1894 BSN
10%
Max Carey 738 1929 PIT
10%
Mickey Welch 307 1892 NYG
10%
Pud Galvin 365 1892 BUF
10%
Tim Keefe 342 1893 NYG
10%
Arlie Latham 742 1909 STL
5%
Bill Dahlen 548 1911 CHC
5%
Billy Hoy 596 1902 CIN
5%
George Van Haltren 583 1903 NYG
5%
Harry Stovey 509 1893 PHA
5%
Herman Long 537 1904 BSN
5%
Jack Doyle 518 1905 NYG
5%
John Ward 540 1894 NYG
5%
Patsy Donovan 518 1907 PIT
5%
No matching quizzes found
Score Distribution
Percent of People with Each Score
Percentile by Number Answered
Your Score History
You have not taken this quiz